Osmotic pressure measurements of glucose solutions at 10, and 20
Spremljeno u:
| Glavni autor: | |
|---|---|
| Format: | Knjiga |
| Jezik: | engleski |
| Izdano: |
Charleston
Bibliolife
1915
|
| Teme: | |
| Oznake: |
Dodaj oznaku
Bez oznaka, Budi prvi tko označuje ovaj zapis!
|
MARC
| LEADER | 00000cam a2200000 a 4500 | ||
|---|---|---|---|
| 001 | UCF4050 | ||
| 003 | CL-VaPUC | ||
| 008 | 121115e19150000US |||||||||||||||||eng|d | ||
| 082 | 0 | 4 | |a 660.28 |b COO |2 21 |
| 100 | 0 | |a Coolidge, Walter Hatheral |e author |9 565693 | |
| 245 | 1 | 0 | |a Osmotic pressure measurements of glucose solutions at 10, and 20 |
| 300 | |a 28 p | ||
| 942 | |c BK | ||
| 945 | |d 20121115 00:00:00 |a dcastane | ||
| 260 | |a Charleston |b Bibliolife |c 1915 | ||
| 650 | 0 | |a Membranas |9 334031 | |
| 650 | 7 | |a MEMBRANAS SINTETICAS |2 CL-VaPUC |9 434174 | |
| 650 | 0 | |a Biotecnología |9 259561 | |
| 650 | 7 | |a OSMOSIS |2 CL-VaPUC |9 313541 | |
| 650 | 0 | |a Polarización |9 354950 | |
| 583 | |a last modification |c 20121115 10:00:00 |k Rodrigo Vera | ||
| 999 | |c 350046 |d 350044 | ||
| 952 | |0 0 |1 0 |4 0 |6 660_280000000000000_COO_1915 |7 0 |8 A |9 453017 |a BIBALI |b BIBALI |c GEN |d 2019-11-22 |i 4923812 |o 660.28 COO 1915 |p 4923812 |r 2025-01-20 |w 2019-11-22 |y BK |k ALI | ||